00796nam a22002177a 450000500170000001000150001702000260003203500140005803700090007208200090008110000260009024500280011625000060014426000480015027001210019830000210031950000450034094200200038599900190040595201540042420260602105429.0 aENG-148690 a9789395481472c300.00 aEN-132222 bDBAD aS21 aPathak, Preeti989249 aRaising/cPreeti Pathak a1 bVishwakarma Publicationsc2023aMaharashtra a34A/1, Suyog Center, 7th floor, Gultekedi Marketyard Road, Giridhar Bhavan Chowk, e411037bPuneminfo@vpindia.co.in a206p.c22cm (pb) aInspiring Stories of Growth & Resilience 2ddccENhSmPAT c216443d216443 001040718FICaDBADbDBADd2026-06-02eDelivery of Books Act Divisiong300.00l0oS PATpEN-132222r2026-06-02 10:50:24t 1v300.00w2026-06-02yEN